000 00325nam a22001337a 4500
008 171010b xxu||||| |||| 00| 0 eng d
020 _a0669996483
041 _aeng
080 _23 ED
_a316
100 _a50
101 _aSOC
245 _aSOCIOLOGY SOCIAL SCIENCE AND SOCIAL CONCERN
_cRANKIN.R.P
942 _2udc
_cBK
999 _c32991
_d32991